Проектирование робастной системы стабилизации положения буксируемого подводного объекта; Молодежь и современные информационные технологии

Bibliographic Details
Parent link:Молодежь и современные информационные технологии.— 2012.— [С. 292-294]
Main Author: Гайворонский С. А. Сергей Анатольевич
Corporate Author: Национальный исследовательский Томский политехнический университет (ТПУ) Институт кибернетики (ИК) Кафедра автоматики и компьютерных систем (АИКС)
Other Authors: Езангина Т. А. Татьяна Александровна
Summary:Заглавие с титульного экрана
Language:Russian
Published: 2012
Series:Автоматизация и управление в технических системах
Subjects:
Online Access:http://www.lib.tpu.ru/fulltext/c/2012/C04/121.pdf
Format: MixedMaterials Electronic Book Chapter
KOHA link:https://koha.lib.tpu.ru/cgi-bin/koha/opac-detail.pl?biblionumber=610918

MARC

LEADER 00000naa2a2200000 4500
001 610918
005 20231215150802.0
035 |a (RuTPU)RU\TPU\conf\8560 
035 |a RU\TPU\conf\8559 
090 |a 610918 
100 |a 20150208d2012 k y0rusy50 ca 
101 0 |a rus 
102 |a RU 
105 |a y z 101zy 
135 |a drcn ---uucaa 
181 0 |a i  
182 0 |a b 
200 1 |a Проектирование робастной системы стабилизации положения буксируемого подводного объекта  |f С. А. Гайворонский, Т. А. Езангина 
203 |a Текст  |c электронный 
225 1 |a Автоматизация и управление в технических системах 
300 |a Заглавие с титульного экрана 
320 |a [Библиогр.: с. 294 (3 назв.)] 
337 |a Adobe Reader 
463 0 |0 (RuTPU)RU\TPU\conf\6944  |t Молодежь и современные информационные технологии  |o сборник трудов X Международной научно-практической конференции студентов, аспирантов и молодых ученых, г. Томск, 13-16 ноября 2012 г.  |f Национальный исследовательский Томский политехнический университет (ТПУ) ; под ред. Е. А. Сикоры и др.  |v [С. 292-294]  |d 2012 
610 1 |a труды учёных ТПУ 
610 1 |a электронный ресурс 
610 1 |a проектирование 
610 1 |a робастные системы 
610 1 |a системы стабилизации 
610 1 |a буксируемые подводные объектов 
610 1 |a ПИД-регуляторы 
700 1 |a Гайворонский  |b С. А.  |c специалист в области информатики и вычислительной техники  |c доцент Томского политехнического университета, кандидат технических наук  |f 1961-  |g Сергей Анатольевич  |3 (RuTPU)RU\TPU\pers\25386  |9 11329 
701 1 |a Езангина  |b Т. А.  |c специалист в области информатики и вычислительной техники  |c инженер Томского политехнического университета  |f 1987-  |g Татьяна Александровна  |3 (RuTPU)RU\TPU\pers\35610 
712 0 2 |a Национальный исследовательский Томский политехнический университет (ТПУ)  |b Институт кибернетики (ИК)  |b Кафедра автоматики и компьютерных систем (АИКС)  |3 (RuTPU)RU\TPU\col\18698 
801 2 |a RU  |b 63413507  |c 20170503  |g RCR 
856 4 |u http://www.lib.tpu.ru/fulltext/c/2012/C04/121.pdf 
942 |c BK